000 00182 a2200097 4500
020 _a9780673758507
041 _aspa
100 _aVaughan, Richard
245 _a
942 _cBK
999 _c31920
_d31918